Borussia Mönchengladbach Squad 2025/2026 - Statistics

General Stats
  • This quiz has been taken 24 times
  • The average score is 21 of 29
Answer Stats
Squad Number Position Nationality Loaned From Answer % Correct
1 Goalkeeper Swiss Jonas Omlin
100%
29 Right-Back American Joe Scally
90%
4 Centre-Back Indonesian Kevin Diks
90%
15 Centre-Forward Bosnian TSG 1899 Hoffenheim Haris Tabakovic
86%
17 Central Midfield South Korean Jens Castrop
86%
26 Left-Back German Lukas Ullrich
86%
30 Centre-Back Swiss Nico Elvedi
86%
9 Right Winger French Franck Honorat
81%
7 Attacking Midfield Austrian Kevin Stöger
81%
20 Left-Back German Luca Netz
81%
5 Centre-Back German Marvin Friedrich
81%
33 Goalkeeper German Moritz Nicolas
81%
25 Left Winger German Robin Hack
81%
27 Central Midfield German Rocco Reitz
76%
18 Centre-Forward Japanese Shuto Machino
76%
11 Centre-Forward German Tim Kleindienst
76%
6 Defensive Midfield German Como 1907 Yannick Engelhardt
76%
10 Central Midfield German Florian Neuhaus
71%
42 Goalkeeper Luxembourger Tiago Pereira Cardoso
71%
13 Attacking Midfield American Giovanni Reyna
67%
16 Central Midfield German Philipp Sander
67%
21 Goalkeeper German Tobias Sippel
67%
28 Centre-Forward Armenian Grant Leon Ranos
62%
34 Right Winger German Charles Herrmann
57%
19 Right Winger Cameroonian Nathan Ngoumou
57%
22 Central Midfield Danish Oscar Fraulo
48%
36 Attacking Midfield German Wael Mohya
48%
39 Defensive Midfield German Niklas Swider
43%
2 Centre-Back Italian Fabio Chiadora
0%
No matching quizzes found
Score Distribution
Percent of People with Each Score
Percentile by Number Answered
Your Score History
You have not taken this quiz